Guess the Anime by the picture - Hard - Statistics

General Stats
  • This quiz has been taken 310 times
  • The average score is 35 of 52
Answer Stats
Picture Answer % Correct
Naruto
96%
Dragon Ball
95%
Demon Slayer
94%
Blue Lock
91%
Dr. Stone
91%
Haikyu!!
90%
One Piece
90%
Attack on Titan
89%
Death Note
89%
Chainsaw Man
88%
Spy x Family
87%
My Hero Academia
86%
JoJo's Bizarre Adventure
84%
Vinland Saga
83%
Tokyo Ghoul
81%
The Promised Neverland
80%
Fire Force
77%
Hunter x Hunter
75%
Solo Leveling
73%
Sakamoto Days
72%
Violet Evergarden
72%
Jujutsu Kaisen
70%
Mob Psycho 100
70%
Frieren: Beyond Journey's End
69%
Neon Genesis Evangelion
69%
Cyberpunk: Edgerunners
68%
Dan Da Dan
67%
Fairy Tail
66%
Horimiya
65%
Oshi no Ko
65%
Monster
63%
Steins;Gate
63%
Tokyo Revengers
60%
Yuri!!! on Ice
60%
Hell's Paradise
59%
One Punch Man
58%
Sword Art Online
54%
Black Clover
53%
Fullmetal Alchemist: Brotherhood
52%
Akame ga Kill
51%
Zom 100: Bucket List of the Dead
51%
Made in Abyss
50%
Ranma 1/2
49%
Bungo Stray Dogs
48%
Noragami
47%
Wind Breaker
47%
Banana Fish
45%
Dororo
40%
Given
38%
Anohana
37%
To your Eternity
35%
Elfen Lied
33%
No matching quizzes found
Score Distribution
Percent of People with Each Score
Percentile by Number Answered
Your Score History
You have not taken this quiz